| 000 | 00490 a2200133 4500 | ||
|---|---|---|---|
| 245 |
_aCarolingians _b : a family who forged Europe _hprint |
||
| 020 | _a0812230620 (cloth : | ||
| 700 | _aRiché, Pierre. | ||
| 005 | 20191017174319.0 | ||
| 260 |
_apau _bUniversity of Pennsylvania Press _cc1993 |
||
| 084 | _aDC70 .R5313 1993 | ||
| 300 |
_axix, 398 p. : ill., map _b 24 cm. _cxix, 398 p. : ill., map ; 24 cm. |
||
| 500 | _aPierre Riché ; translated from the French by Michael Idomir Allen. | ||
| 490 | _aMiddle Ages series | ||
| 999 |
_c11456 _d11456 |
||